• 首页
  • 本馆介绍
  • 公告通知
  • 最新文献
  • 馆藏检索
  • 电子资源
  • 读者导购
  • 参考咨询
  • 我的图书馆
  • 登录
  • 详细信息显示
  • 放入我的书架
  • 预约/预借图书
  • 作者相关作品
  • 分类相关作品
  • 丛书相关作品
  • 出版社相关作品

书目信息

  • 表格格式
  • 工作单格式
  • 卡片格式
题名:
中学古代小说分析
    
 
作者: 朱其铠 著
分册:  
出版信息: 济南   山东人民出版社  1980.04
页数: 137页
开本: 19cm
丛书名:
单 册:
中图分类: I207.11
科图分类:
主题词: 文学--中国
电子资源:
ISBN:
000 00563nam0 2200205 45
001 0212180912
005 20060805154600.29
010    @dCNY0.37
091    @a7099.922
100    @a20021218d1980 km y0chiy0120 ea
101 0  @achi
105    @a z 000zy
200 1  @a中学古代小说分析@AZhong Xue Gu Dai Xiao Shuo Fen Xi@f朱其铠著@FZhu Qi Kai Zhu
210    @a济南@c山东人民出版社@d1980.04
215    @a137页@d19cm
606 0  @a文学@x中国
690    @aI207.11@v3
701  0 @a朱其铠@4著
801    @aCN@bTSTC@c20060805
905    @dI207.11@e27@f1@b34663@f1@b34669
    
    中学古代小说分析/朱其铠著.-济南:山东人民出版社,1980.04
    137页;19cm
    
    
    ISBN :CNY0.37
    
●
相关链接 在E读中查询图书 在五车中查询图书 在当当中查询图书 在豆瓣中查询图书


正题名:中学古代小说分析     索取号:I207.11/27         预约/预借

序号 登录号 条形码 馆藏地/架位号 状态 备注
1 0034663   001726724   密集书库/ [索取号:I207.11/27] 在馆    
2 0034666   001738409   密集书库/ [索取号:I207.11/27] 在馆    
3 0034669   001726680   密集书库/ [索取号:I207.11/27] 在馆    
4 0447163   204471632   密集书库/ [索取号:I207.11/27] 在馆    
唐山师范学院图书馆 欢迎您!
大连网信软件有限公司© 版权所有